[Event "POL-ch Blitz U18"]
[Site "Bydgoszcz"]
[Date "2023.08.31"]
[Round "4"]
[White "Dobosiewicz, Dawid"]
[Black "Jaszczuk, Piotr"]
[Result "1-0"]
[WhiteElo "1882"]
[BlackElo "1666"]
[PlyCount "73"]
[EventDate "2023.08.28"]
[EventType "swiss"]
[EventRounds "10"]
[EventCountry "POL"]
[SourceTitle "EXT 2024"]
[Source "ChessBase"]
[SourceDate "2023.10.10"]
[SourceVersion "1"]
[SourceVersionDate "2023.10.10"]
[SourceQuality "1"]

1. e4 c5 2. Nc3 Nc6 3. f4 Nf6 4. Nf3 d5 5. e5 d4 6. exf6 dxc3 7. fxg7 cxd2+ 8. Bxd2 Bxg7 9. c3 Bf5 10. Be3 Qd6 11. Bc4 0-0 12. Qe2 b6 13. Rd1 Qc7 14. 0-0 e6 15. Bd3 Bg6 16. Nh4 Rfe8 17. Nxg6 hxg6 18. Be4 Rad8 19. h4 Ne7 20. h5 Nf5 21. Bxf5 exf5 22. Qf3 Rxd1 23. Rxd1 Qe7 24. Bf2 Qe2 25. Re1 Qb5 26. hxg6 fxg6 27. Qd5+ Kh7 28. Rd1 Re7 29. Rd3 Qxb2 30. Rh3+ Bh6 31. Qd6 Rg7 32. Bh4 Qc1+ 33. Kh2 Bxf4+ 34. Bg3+ Kg8 35. Bxf4 Qf1 36. Qe6+ Rf7 37. Be5 1-0

[Event "POL-ch Rapid U18"]
[Site "Bydgoszcz"]
[Date "2023.08.30"]
[Round "9"]
[White "Dobosiewicz, Dawid"]
[Black "Jasiulewicz, Dawid"]
[Result "1-0"]
[WhiteElo "1873"]
[BlackElo "1809"]
[PlyCount "95"]
[EventDate "2023.08.28"]
[EventType "swiss"]
[EventRounds "11"]
[EventCountry "POL"]
[SourceTitle "EXT 2024"]
[Source "ChessBase"]
[SourceDate "2023.10.10"]
[SourceVersion "1"]
[SourceVersionDate "2023.10.10"]
[SourceQuality "1"]

1. e4 c5 2. Nc3 d6 3. f4 g6 4. Nf3 Bg7 5. Bb5+ Bd7 6. Bxd7+ Qxd7 7. d3 Nc6 8. 0-0 e6 9. Qe1 Nge7 10. Qh4 Nd4 11. Nxd4 cxd4 12. Ne2 0-0 13. g4 f5 14. Ng3 Rac8 15. Rf2 Rc5 16. b4 Rc7 17. a4 fxe4 18. Nxe4 Nd5 19. b5 e5 20. f5 gxf5 21. gxf5 Rxf5 22. Rg2 Kh8 23. Bh6 Bxh6 24. Qxh6 Qd8 25. Kh1 Nf4 26. Rg3 d5 27. Ng5 Rf6 28. Qh4 Qf8 29. Rag1 Rh6 30. Nf7+ Rxf7 31. Qxh6 Ne2 32. Rg8+ Qxg8 33. Rxg8+ Kxg8 34. Qg5+ Kf8 35. Qxe5 Re7 36. Qxd5 Ke8 37. a5 Rf7 38. Qe5+ Kf8 39. Qb8+ Kg7 40. Qxa7 Rf1+ 41. Kg2 Rf7 42. Qb8 Nf4+ 43. Kh1 Kh6 44. a6 bxa6 45. bxa6 Kg5 46. Qg8+ Kf6 47. Qxf7+ Kxf7 48. a7 1-0

[Event "POL-ch Rapid U18"]
[Site "Bydgoszcz"]
[Date "2023.08.30"]
[Round "10"]
[White "Sowinski, Pawel"]
[Black "Dobosiewicz, Dawid"]
[Result "1-0"]
[WhiteElo "2084"]
[BlackElo "1873"]
[PlyCount "93"]
[EventDate "2023.08.28"]
[EventType "swiss"]
[EventRounds "11"]
[EventCountry "POL"]
[SourceTitle "EXT 2024"]
[Source "ChessBase"]
[SourceDate "2023.10.10"]
[SourceVersion "1"]
[SourceVersionDate "2023.10.10"]
[SourceQuality "1"]

1. d4 Nf6 2. c4 e6 3. Nc3 Bb4 4. e3 0-0 5. Bd2 b6 6. Nf3 Bb7 7. Bd3 c5 8. a3 Bxc3 9. Bxc3 d5 10. dxc5 bxc5 11. 0-0 Nc6 12. cxd5 exd5 13. Rc1 Nd7 14. Bb1 Nb6 15. Qd3 g6 16. Rfd1 Qe7 17. b4 c4 18. Qd2 a6 19. Nd4 Ne5 20. Ne2 Nc6 21. Ng3 Rad8 22. Ba1 Bc8 23. Re1 Be6 24. Ne2 Nd7 25. Nd4 Nxd4 26. Bxd4 Qh4 27. Bc2 Rfe8 28. a4 Bg4 29. f3 Be6 30. b5 axb5 31. axb5 Rb8 32. Rb1 Nb6 33. Bc3 Bd7 34. g3 Qe7 35. Qd4 f6 36. e4 dxe4 37. Rxe4 Qf7 38. Rxe8+ Bxe8 39. Be4 Bd7 40. Rd1 Qe7 41. Re1 Qf8 42. Ba5 f5 43. Bc6 Bxc6 44. bxc6 Nc8 45. Qxc4+ Qf7 46. Re8+ Kg7 47. Bc3+ 1-0

[Event "POL-ch Rapid U18"]
[Site "Bydgoszcz"]
[Date "2023.08.29"]
[Round "5"]
[White "Dobosiewicz, Dawid"]
[Black "Mulawa, Cyprian"]
[Result "0-1"]
[WhiteElo "1873"]
[BlackElo "2109"]
[PlyCount "90"]
[EventDate "2023.08.28"]
[EventType "swiss"]
[EventRounds "11"]
[EventCountry "POL"]
[SourceTitle "EXT 2024"]
[Source "ChessBase"]
[SourceDate "2023.10.10"]
[SourceVersion "1"]
[SourceVersionDate "2023.10.10"]
[SourceQuality "1"]

1. e4 Nc6 2. Nc3 d6 3. d4 Nf6 4. f3 e5 5. Bb5 exd4 6. Qxd4 Bd7 7. Bxc6 Bxc6 8. Bg5 Be7 9. Nge2 0-0 10. 0-0 Nxe4 11. Bxe7 Nxc3 12. Qxc3 Qxe7 13. Nd4 Qd7 14. Rfe1 Rfe8 15. Rad1 Rxe1+ 16. Rxe1 Re8 17. Rxe8+ Qxe8 18. Nf5 Qe5 19. Qxe5 dxe5 20. Kf2 Kf8 21. Ne3 Ke7 22. Nc4 Ke6 23. Ke3 Bd5 24. Nd2 f5 25. b3 g5 26. g4 b6 27. Kd3 Bc6 28. Ke3 h6 29. a3 Kf6 30. a4 e4 31. fxe4 fxg4 32. Kd4 h5 33. Nf1 Bb7 34. Nd2 h4 35. Nf1 c5+ 36. Ke3 Ke5 37. Nd2 Ba6 38. c3 b5 39. axb5 Bxb5 40. b4 cxb4 41. cxb4 h3 42. Kf2 Kd4 43. Kg3 Kc3 44. Nb1+ Kb2 45. Nd2 Kc2 0-1

[Event "POL-ch blitz"]
[Site "Suwalki"]
[Date "2022.09.24"]
[Round "10"]
[White "Piesik, Piotr"]
[Black "Dobosiewicz, Dawid"]
[Result "1-0"]
[WhiteElo "2431"]
[BlackElo "1730"]
[PlyCount "83"]
[EventDate "2022.09.24"]
[EventType "swiss (blitz)"]
[EventRounds "15"]
[EventCountry "POL"]
[SourceTitle "CBM 210 Extra"]
[Source "ChessBase"]
[SourceDate "2022.11.30"]
[SourceVersion "1"]
[SourceVersionDate "2022.11.30"]
[SourceQuality "1"]

1. Nf3 d5 2. g3 c6 3. Bg2 Nf6 4. 0-0 g6 5. d3 Bg7 6. Nbd2 0-0 7. e4 Bg4 8. h3 Bxf3 9. Qxf3 e6 10. Qe2 Nbd7 11. e5 Ne8 12. f4 Rc8 13. Nf3 c5 14. c3 b5 15. g4 Qc7 16. Bd2 a5 17. Be1 b4 18. c4 dxc4 19. dxc4 Qb6 20. Rd1 Nb8 21. Bf2 Nc7 22. Rd6 Qa7 23. Rfd1 Ne8 24. R6d2 Qa6 25. Bh4 Nc7 26. Rd6 Qa7 27. Ng5 h6 28. Ne4 Ne8 29. R6d2 Nc6 30. Bf2 Nd4 31. Bxd4 cxd4 32. Rxd4 f5 33. Nf2 fxg4 34. hxg4 Nc7 35. Qe4 Kh7 36. Rd7 Qc5 37. R1d6 Ne8 38. Rxe6 Qxc4 39. Qxc4 Rxc4 40. Nd3 Kg8 41. Rxg6 Rf7 42. Bd5 1-0

[Event "POL-chT U18 1st"]
[Site "Poland"]
[Date "2022.06.27"]
[Round "3.4"]
[White "Jamrozik, Maciej"]
[Black "Dobosiewicz, Dawid"]
[Result "0-1"]
[WhiteElo "1253"]
[BlackElo "1648"]
[PlyCount "104"]
[EventDate "2022.06.25"]
[EventType "team-swiss"]
[EventRounds "9"]
[EventCountry "POL"]
[SourceTitle "EXT 2023"]
[Source "ChessBase"]
[SourceDate "2022.10.05"]
[SourceVersion "1"]
[SourceVersionDate "2022.10.05"]
[SourceQuality "1"]
[WhiteTeam "Myslenice MAT"]
[BlackTeam "Kalisz KTS"]
[WhiteTeamCountry "POL"]
[BlackTeamCountry "POL"]

1. e4 c5 2. Nf3 e6 3. d4 cxd4 4. Nxd4 Nc6 5. Nc3 Qc7 6. Ndb5 Qb8 7. Be3 a6 8. Bb6 axb5 9. Nxb5 Bb4+ 10. c3 Ba5 11. Nc7+ Qxc7 12. Bxc7 Bxc7 13. Qg4 Be5 14. f4 Nf6 15. Qf3 Bc7 16. Bb5 d5 17. e5 Ne4 18. Bd3 Nc5 19. Bc2 Bb6 20. Qg4 g6 21. h4 h5 22. Qf3 Na4 23. 0-0-0 Bc5 24. g4 d4 25. Bxa4 Rxa4 26. a3 hxg4 27. Qd3 dxc3 28. Qxc3 Bb6 29. b4 Bd7 30. Rd3 Ne7 31. Qe1 Nd5 32. Qg3 Bb5 33. Rxd5 exd5 34. Qxg4 Bd7 35. Qf3 Be6 36. Qd3 Ke7 37. Qb5 Rc8+ 38. Kd2 Ra6 39. a4 Bd7 40. Qxd5 Bc6 41. Qd6+ Ke8 42. Qf6 Bxh1 43. Qh8+ Kd7 44. Qg7 Bd5 45. Kd1 Rxa4 46. Qf6 Ra1+ 47. Kd2 Ra2+ 48. Kd3 Ra3+ 49. Kd2 Be3+ 50. Ke2 Rc2+ 51. Kd1 Rd2+ 52. Kc1 Ra1# 0-1

[Event "POL-chT U18 1st"]
[Site "Poland"]
[Date "2022.06.26"]
[Round "2.4"]
[White "Dobosiewicz, Dawid"]
[Black "Brzezina, Piotr"]
[Result "1-0"]
[WhiteElo "1648"]
[BlackElo "1671"]
[PlyCount "129"]
[EventDate "2022.06.25"]
[EventType "team-swiss"]
[EventRounds "9"]
[EventCountry "POL"]
[SourceTitle "EXT 2023"]
[Source "ChessBase"]
[SourceDate "2022.10.05"]
[SourceVersion "1"]
[SourceVersionDate "2022.10.05"]
[SourceQuality "1"]
[WhiteTeam "Kalisz KTS"]
[BlackTeam "Katowice Hetman Szopienice"]
[WhiteTeamCountry "POL"]
[BlackTeamCountry "POL"]

1. c4 c5 2. g3 g6 3. Bg2 Bg7 4. Nc3 Nc6 5. d3 e6 6. e4 Nge7 7. Nge2 0-0 8. 0-0 Nd4 9. Rb1 Nec6 10. a3 Nxe2+ 11. Nxe2 a6 12. b4 cxb4 13. axb4 b5 14. Be3 Rb8 15. c5 Re8 16. d4 d5 17. Bf4 Rb7 18. Bd6 Rd7 19. e5 Bf8 20. Qd3 Bxd6 21. cxd6 Rb7 22. Rfc1 Bd7 23. Nf4 Rb8 24. Rc5 Kg7 25. Qc3 Rc8 26. Ra1 Nb8 27. Nd3 Bc6 28. Rc1 Qb6 29. Qa3 Nd7 30. R5c2 Bb7 31. Nc5 Nxc5 32. Rxc5 Rxc5 33. Rxc5 Rc8 34. Qc3 Rxc5 35. dxc5 Qc6 36. Qf3 Qe8 37. Qc3 Bc6 38. Qa3 Bb7 39. Qa5 Qd7 40. Qb6 Qc8 41. f4 h5 42. h3 Bc6 43. Kh2 Kf8 44. g4 hxg4 45. hxg4 Ke8 46. Kg3 Kd7 47. f5 gxf5 48. gxf5 Bb7 49. Kf4 Bc6 50. Bf3 exf5 51. Kxf5 Ke8+ 52. Kf4 Kf8 53. Qc7 Qh3 54. Qd8+ Kg7 55. Qg5+ Kf8 56. Qh5 Qxh5 57. Bxh5 a5 58. bxa5 b4 59. Ke3 b3 60. Kd2 d4 61. Kc1 d3 62. Kb2 Bd5 63. Kc3 Bc4 64. c6 Ke8 65. c7 1-0

[Event "EU-ch Rapid"]
[Site "Katowice"]
[Date "2021.12.18"]
[Round "1"]
[White "Dobosiewicz, Dawid"]
[Black "Klekowski, Maciej"]
[Result "0-1"]
[WhiteElo "1707"]
[BlackElo "2479"]
[PlyCount "64"]
[EventDate "2021.12.18"]
[EventType "swiss (rapid)"]
[EventRounds "11"]
[EventCountry "POL"]
[SourceTitle "CBM 205 Extra"]
[Source "ChessBase"]
[SourceDate "2022.01.31"]
[SourceVersion "1"]
[SourceVersionDate "2022.01.31"]
[SourceQuality "1"]

1. e4 c5 2. Nc3 Nc6 3. f4 g6 4. Nf3 Bg7 5. Bb5 Nd4 6. 0-0 e6 7. e5 a6 8. Bd3 d5 9. Nxd4 cxd4 10. Ne2 Ne7 11. b3 Nc6 12. Bb2 f6 13. exf6 Qxf6 14. f5 gxf5 15. Nf4 0-0 16. Rf3 Bh6 17. Nh5 Qf7 18. Rg3+ Kh8 19. Qe2 e5 20. Rf1 Bd7 21. c4 f4 22. cxd5 Qxd5 23. Ba3 fxg3 24. Bxf8 Rxf8 25. Rxf8+ Bxf8 26. Nf6 Qf7 27. Qe4 gxh2+ 28. Kh1 Be6 29. Nxh7 Be7 30. Qe1 Qf4 31. Be4 Bf5 32. Bxf5 Qxf5 0-1

[Event "EU-ch Blitz"]
[Site "Katowice"]
[Date "2021.12.17"]
[Round "1"]
[White "Dobosiewicz, Dawid"]
[Black "Dragnev, Valentin"]
[Result "0-1"]
[WhiteElo "1707"]
[BlackElo "2535"]
[PlyCount "84"]
[EventDate "2021.12.17"]
[EventType "swiss (blitz)"]
[EventRounds "22"]
[EventCountry "POL"]
[SourceTitle "CBM 205 Extra"]
[Source "ChessBase"]
[SourceDate "2022.01.31"]
[SourceVersion "1"]
[SourceVersionDate "2022.01.31"]
[SourceQuality "1"]

1. e4 d5 2. exd5 Qxd5 3. Nc3 Qa5 4. Bc4 Nf6 5. d4 Bg4 6. Nge2 Nc6 7. f3 Bf5 8. Bd2 Qb4 9. Nb5 Qxc4 10. Nxc7+ Kd8 11. Nxa8 e6 12. Bg5 Be7 13. Bxf6 Bxf6 14. c3 Kd7 15. 0-0 Rxa8 16. Ng3 Bg6 17. Ne4 Ke7 18. Qb3 Qxb3 19. axb3 a6 20. b4 Rc8 21. Kh1 h5 22. Nc5 Nd8 23. Rfe1 Kd6 24. Ne4+ Kc7 25. Rad1 Nc6 26. d5 exd5 27. Rxd5 Re8 28. Red1 Bxe4 29. fxe4 Ne5 30. c4 h4 31. b5 axb5 32. cxb5 Re6 33. Rc1+ Kb6 34. b4 Ng4 35. g3 h3 36. Kg1 Be7 37. e5 Nxe5 38. Kf2 Ng4+ 39. Kg1 Ne3 40. Rd3 Bxb4 41. Rd4 Bc5 42. Rxc5 Kxc5 0-1

[Event "EU-ch Blitz"]
[Site "Katowice"]
[Date "2021.12.17"]
[Round "2"]
[White "Dragnev, Valentin"]
[Black "Dobosiewicz, Dawid"]
[Result "1-0"]
[WhiteElo "2535"]
[BlackElo "1707"]
[PlyCount "55"]
[EventDate "2021.12.17"]
[EventType "swiss (blitz)"]
[EventRounds "22"]
[EventCountry "POL"]
[SourceTitle "CBM 205 Extra"]
[Source "ChessBase"]
[SourceDate "2022.01.31"]
[SourceVersion "1"]
[SourceVersionDate "2022.01.31"]
[SourceQuality "1"]

1. e4 c5 2. Nf3 e6 3. d4 cxd4 4. Nxd4 Nc6 5. Nc3 Qc7 6. Ncb5 Qb8 7. Bd3 a6 8. Nxc6 bxc6 9. Nd4 c5 10. Nf3 d5 11. 0-0 Be7 12. exd5 exd5 13. Re1 c4 14. Bf1 Nf6 15. Ne5 Bb7 16. Bf4 Qd8 17. Nf3 0-0 18. Nd4 Bc5 19. c3 Qb6 20. Be5 Nd7 21. Bxg7 Kxg7 22. Qg4+ Kh8 23. Qxd7 Bxd4 24. cxd4 Bc6 25. Qd6 f6 26. Re7 Rad8 27. Qe6 Qxb2 28. Qf5 1-0

[Event "POL-ch U13 Qual"]
[Site "Jastrzebia Gora"]
[Date "2021.11.21"]
[Round "9"]
[White "Wasiluk, Mateusz"]
[Black "Dobosiewicz, Dawid"]
[Result "1/2-1/2"]
[WhiteElo "1263"]
[BlackElo "1678"]
[PlyCount "105"]
[EventDate "2021.11.15"]
[EventType "swiss"]
[EventRounds "9"]
[EventCountry "POL"]
[SourceTitle "EXT 2023"]
[Source "ChessBase"]
[SourceDate "2022.10.05"]
[SourceVersion "1"]
[SourceVersionDate "2022.10.05"]
[SourceQuality "1"]

1. e4 c5 2. Nf3 e6 3. g3 d5 4. exd5 exd5 5. Bg2 Nf6 6. 0-0 Be7 7. d4 c4 8. b3 b5 9. a4 0-0 10. axb5 cxb3 11. cxb3 Bd7 12. Nc3 Bb4 13. Na2 Bd6 14. Bg5 Bxb5 15. Re1 h6 16. Bxf6 Qxf6 17. Nc3 Bc6 18. Ne5 Bxe5 19. dxe5 Qg6 20. Nxd5 Re8 21. Nc7 Bxg2 22. Kxg2 Qc6+ 23. Qf3 Qxc7 24. Qxa8 Rf8 25. Qxa7 Qc6+ 26. Kg1 Qe6 27. Qe3 Na6 28. Rad1 Nb4 29. Rd6 Qf5 30. Qe4 Qxe4 31. Rxe4 Rb8 32. Red4 Kh7 33. f4 Nc2 34. Rc4 Na3 35. Rc3 Nb5 36. Rcd3 Nxd6 37. exd6 Kg6 38. d7 Rd8 39. Kf2 Kf6 40. Kf3 Ke6 41. Ke4 f5+ 42. Ke3 Ke7 43. Rd5 Ke6 44. Kd4 g5 45. Kc5 gxf4 46. gxf4 h5 47. Rd6+ Ke7 48. Kc6 h4 49. Kc7 h3 50. Re6+ Kxe6 51. Kxd8 Kd6 52. Ke8 Ke6 53. d8Q 1/2-1/2

[Event "POL-ch U13 Qual"]
[Site "Jastrzebia Gora"]
[Date "2021.11.18"]
[Round "5"]
[White "Jasiulewicz, Dawid"]
[Black "Dobosiewicz, Dawid"]
[Result "0-1"]
[WhiteElo "1654"]
[BlackElo "1678"]
[PlyCount "110"]
[EventDate "2021.11.15"]
[EventType "swiss"]
[EventRounds "9"]
[EventCountry "POL"]
[SourceTitle "EXT 2023"]
[Source "ChessBase"]
[SourceDate "2022.10.05"]
[SourceVersion "1"]
[SourceVersionDate "2022.10.05"]
[SourceQuality "1"]

1. d4 Nf6 2. Nf3 e6 3. c4 b6 4. g3 Ba6 5. b3 Bb4+ 6. Bd2 Be7 7. Bg2 c6 8. Bg5 d5 9. Nbd2 Nbd7 10. 0-0 0-0 11. Re1 Rc8 12. e4 dxe4 13. Bxf6 Nxf6 14. Nxe4 c5 15. Nc3 cxd4 16. Nxd4 Bb4 17. Re3 Bxc3 18. Rxc3 Qd6 19. Nc2 Qc7 20. Rd3 Bb7 21. Bxb7 Qxb7 22. Qe2 b5 23. Na3 bxc4 24. bxc4 Rfd8 25. Nb5 Rxd3 26. Qxd3 Qb6 27. Rd1 h5 28. Qd4 Qxd4 29. Rxd4 e5 30. Rd2 Rxc4 31. Nxa7 h4 32. Kg2 g5 33. Nb5 g4 34. gxh4 Nh5 35. Nd6 Nf4+ 36. Kg3 Nh5+ 37. Kg2 Nf4+ 38. Kg3 Nh5+ 39. Kg2 Rc3 40. Rd1 Nf4+ 41. Kf1 Rc2 42. Ra1 Nh3 43. a4 Rxf2+ 44. Ke1 Rxh2 45. Ra3 Rh1+ 46. Ke2 Rh2+ 47. Kf1 f5 48. Nc4 f4 49. Nxe5 g3 50. Nf3 Rf2+ 51. Ke1 g2 52. Ng1 Rf1+ 53. Kd2 Nxg1 54. a5 Nf3+ 55. Rxf3 Rxf3 0-1

[Event "POL-ch U12"]
[Site "Uniejow"]
[Date "2021.07.23"]
[Round "7"]
[White "Dobosiewicz, Dawid"]
[Black "Nawalaniec, Adam"]
[Result "0-1"]
[WhiteElo "1509"]
[BlackElo "1774"]
[PlyCount "140"]
[EventDate "2021.07.18"]
[EventType "swiss"]
[EventRounds "9"]
[EventCountry "POL"]
[SourceTitle "EXT 2022"]
[Source "ChessBase"]
[SourceDate "2021.10.06"]
[SourceVersion "1"]
[SourceVersionDate "2021.10.06"]
[SourceQuality "1"]

1. e4 d5 2. exd5 Qxd5 3. Nc3 Qd6 4. d4 a6 5. Nf3 Nf6 6. Bd3 Bg4 7. h3 Bxf3 8. Qxf3 Nc6 9. Bf4 Qe6+ 10. Kf1 0-0-0 11. Ne2 g6 12. c3 Qd5 13. Qxd5 Nxd5 14. Bg3 e5 15. dxe5 Nxc3 16. Nxc3 Rxd3 17. Rd1 Rxd1+ 18. Nxd1 Bg7 19. f4 f6 20. exf6 Bxf6 21. Nc3 Re8 22. Bf2 Bxc3 23. bxc3 Re4 24. g3 Ra4 25. Kg2 Rxa2 26. Re1 a5 27. g4 Rd2 28. f5 gxf5 29. gxf5 Rd5 30. f6 Rg5+ 31. Bg3 Kd7 32. Rb1 b6 33. Rf1 Rg8 34. Kf3 Nd8 35. Re1 Ne6 36. h4 Rf8 37. Be5 Rf7 38. Kg4 Kc6 39. Rg1 a4 40. Kf5 Nd8 41. Rb1 b5 42. c4 bxc4 43. Rb4 Kd5 44. Rxa4 c5 45. Ra1 Nc6 46. Bc3 Nd4+ 47. Kg5 Ke4 48. Re1+ Kd3 49. Re7 Rf8 50. Ba5 Nf3+ 51. Kf5 Nd4+ 52. Kg5 Nf3+ 53. Kf5 Nd4+ 54. Kg5 c3 55. Bxc3 Kxc3 56. f7 Nc6 57. Rc7 Nd8 58. Rxc5+ Kd4 59. Ra5 Nxf7+ 60. Kf6 Ne5+ 61. Kg7 Rf7+ 62. Kh6 Ke4 63. Ra1 Kf4 64. Rf1+ Nf3 65. h5 Rd7 66. Ra1 Nd4 67. Rf1+ Ke5 68. Re1+ Kf6 69. Rf1+ Ke6 70. Rf6+ Ke5 0-1

[Event "POL-ch U12"]
[Site "Uniejow"]
[Date "2021.07.22"]
[Round "6"]
[White "Bochniak, Franciszek"]
[Black "Dobosiewicz, Dawid"]
[Result "1/2-1/2"]
[WhiteElo "1616"]
[BlackElo "1509"]
[PlyCount "123"]
[EventDate "2021.07.18"]
[EventType "swiss"]
[EventRounds "9"]
[EventCountry "POL"]
[SourceTitle "EXT 2022"]
[Source "ChessBase"]
[SourceDate "2021.10.06"]
[SourceVersion "1"]
[SourceVersionDate "2021.10.06"]
[SourceQuality "1"]

1. e4 c5 2. Nf3 e6 3. c3 Nf6 4. e5 Nd5 5. d4 cxd4 6. cxd4 d6 7. Bc4 Nb6 8. Bb3 dxe5 9. Nxe5 Nc6 10. Nxc6 bxc6 11. 0-0 Be7 12. Nc3 0-0 13. Be3 Ba6 14. Re1 Bc4 15. Rc1 Bxb3 16. Qxb3 Rb8 17. Qc2 Nc4 18. b3 Nxe3 19. fxe3 c5 20. Qd3 cxd4 21. Qxd4 Qxd4 22. exd4 Bb4 23. Re4 Rbc8 24. Ne2 Rxc1+ 25. Nxc1 Rd8 26. Kf2 f5 27. Rxe6 Rxd4 28. Ke3 Bc5 29. Ke2 Bd6 30. Re8+ Kf7 31. Ra8 Re4+ 32. Kd1 Re7 33. h3 g5 34. Nd3 g4 35. hxg4 fxg4 36. Rd8 Ke6 37. Nf2 h5 38. Rh8 Kf5 39. Rxh5+ Kf4 40. Rd5 Bc7 41. Rd3 Rh7 42. g3+ Kf5 43. Rd5+ Ke6 44. Rg5 Bxg3 45. Nxg4 Bf4 46. Ra5 Rg7 47. Nf2 Be3 48. Nd3 Bb6 49. Ra4 Kd5 50. Kc2 Rc7+ 51. Kd2 Rh7 52. Rg4 Bd4 53. Nb4+ Kc5 54. Na6+ Kd5 55. Rg5+ Ke4 56. Nc5+ Bxc5 57. Rxc5 Rh2+ 58. Kc3 Rxa2 59. Kb4 Kd4 60. Rc7 a5+ 61. Kb5 Ra3 62. Rc4+ 1/2-1/2

[Event "POL-ch U12"]
[Site "Uniejow"]
[Date "2021.07.20"]
[Round "2"]
[White "Zielonka, Adam"]
[Black "Dobosiewicz, Dawid"]
[Result "1/2-1/2"]
[WhiteElo "1806"]
[BlackElo "1509"]
[PlyCount "118"]
[EventDate "2021.07.18"]
[EventType "swiss"]
[EventRounds "9"]
[EventCountry "POL"]
[SourceTitle "EXT 2022"]
[Source "ChessBase"]
[SourceDate "2021.10.06"]
[SourceVersion "1"]
[SourceVersionDate "2021.10.06"]
[SourceQuality "1"]

1. e4 c5 2. Nf3 e6 3. d4 cxd4 4. Nxd4 Nc6 5. Nc3 Qc7 6. Be3 a6 7. Be2 Nf6 8. 0-0 Bb4 9. Nxc6 bxc6 10. Qd4 Bd6 11. f4 e5 12. Qd2 0-0 13. Rad1 Bb4 14. fxe5 Qxe5 15. Bd4 Bc5 16. Bxc5 Qxc5+ 17. Qd4 Qxd4+ 18. Rxd4 Re8 19. Bf3 Re5 20. Rfd1 Rb8 21. b3 h5 22. Na4 g5 23. Rd6 Kg7 24. Nc3 g4 25. Be2 Nxe4 26. Nxe4 Rxe4 27. Bc4 f5 28. Rf1 Re5 29. Bd3 Re6 30. Rd4 d5 31. Bxf5 Re5 32. Bd3 c5 33. Rdf4 Be6 34. Bxa6 Ra8 35. Bd3 Rxa2 36. Rf6 Ra8 37. Rg6+ Kh8 38. Rff6 c4 39. Rxe6 Rxe6 40. Rxe6 cxd3 41. cxd3 Kg7 42. Re5 Kg6 43. Rxd5 Rb8 44. Kf2 Rxb3 45. Kg3 Rb2 46. h3 Rb4 47. d4 gxh3 48. gxh3 Rb3+ 49. Kh4 Rd3 50. Rd6+ Kf5 51. d5 Ke5 52. Rd8 Kf6 53. Rf8+ Kg6 54. Rg8+ Kf6 55. d6 Rxd6 56. Kxh5 Kf7 57. Rg3 Rd8 58. Rg5 Rh8+ 59. Kg4 Rg8 1/2-1/2

[Event "EU-ch Amateur Online Final 2000/2300"]
[Site "Tornelo INT"]
[Date "2021.04.28"]
[Round "5"]
[White "Koutlas, Nikolaos"]
[Black "Dobosiewicz, Dawid"]
[Result "1-0"]
[WhiteElo "2078"]
[BlackElo "1503"]
[PlyCount "53"]
[EventDate "2021.04.28"]
[EventType "swiss (rapid)"]
[EventRounds "9"]
[EventCountry "NET"]
[SourceTitle "EXT 2023"]
[Source "ChessBase"]
[SourceDate "2022.10.05"]
[SourceVersion "1"]
[SourceVersionDate "2022.10.05"]
[SourceQuality "1"]

1. e4 c5 2. Nf3 e6 3. d4 cxd4 4. Nxd4 Nc6 5. Nc3 Qc7 6. Be2 a6 7. 0-0 Nf6 8. Kh1 Bb4 9. Qd3 Ne5 10. Qg3 Nh5 11. Bxh5 Bd6 12. Qxg7 Rf8 13. Bf4 Nc4 14. Bxd6 Qxd6 15. Rad1 Nxb2 16. Nf5 Qc5 17. Nd6+ Ke7 18. Nxf7 Qxh5 19. Nd6+ Rf7 20. Nxf7 Qxf7 21. Qg5+ Qf6 22. Qc5+ Kf7 23. Rd2 b6 24. Qb4 Ra7 25. Qxb2 Rc7 26. Rd3 a5 27. Rf3 1-0

[Event "EU-ch Amateur Online Final 1700/2000"]
[Site "Tornelo INT"]
[Date "2021.04.25"]
[Round "1"]
[White "Dristellas, Neoklis"]
[Black "Dobosiewicz, Dawid"]
[Result "1-0"]
[WhiteElo "1893"]
[BlackElo "1503"]
[PlyCount "139"]
[EventDate "2021.04.25"]
[EventType "swiss (rapid)"]
[EventRounds "9"]
[EventCountry "NET"]
[SourceTitle "EXT 2023"]
[Source "ChessBase"]
[SourceDate "2022.10.05"]
[SourceVersion "1"]
[SourceVersionDate "2022.10.05"]
[SourceQuality "1"]

1. e4 c5 2. Nf3 e6 3. d4 cxd4 4. Nxd4 Nc6 5. Nb5 d6 6. N1c3 Nf6 7. Bf4 e5 8. Bg5 Be7 9. Bxf6 gxf6 10. Nd5 Be6 11. Nbc3 0-0 12. Bc4 Rc8 13. 0-0 Nd4 14. Bb3 Kh8 15. f4 Rg8 16. f5 Bd7 17. Kh1 a5 18. Qh5 b5 19. Nxe7 Qxe7 20. Nd5 Qd8 21. c3 Nxb3 22. axb3 Rg7 23. Qh6 Rc6 24. Qxf6 Qa8 25. Qe7 f6 26. Qxf6 Ra6 27. Rf2 Qa7 28. Re2 Bc6 29. Qd8+ Rg8 30. Qxd6 Qg7 31. Qf6 Bxd5 32. Qxg7+ Kxg7 33. exd5 Kf6 34. g3 Kxf5 35. Rf1+ Kg6 36. Rxe5 Rd8 37. Re6+ Rxe6 38. dxe6 Re8 39. Ra1 Rxe6 40. Rxa5 Re1+ 41. Kg2 Re2+ 42. Kh3 Rxb2 43. Rxb5 h5 44. b4 Kh6 45. Rc5 Kg6 46. b5 Kh6 47. c4 h4 48. Kxh4 Rxh2+ 49. Kg4 Rb2 50. Rc6+ Kg7 51. b6 Kf7 52. c5 Ke7 53. Rc7+ Kd8 54. Rh7 Kc8 55. Kf5 Rb5 56. Rc7+ Kb8 57. g4 Rb1 58. g5 Rf1+ 59. Kg6 Rg1 60. Kg7 Rf1 61. g6 Rg1 62. Rf7 Kc8 63. Kh7 Rh1+ 64. Kg8 Rh6 65. g7 Kb8 66. Kf8 Rg6 67. g8Q Rxg8+ 68. Kxg8 Kc8 69. c6 Kb8 70. Rf8# 1-0